[Event "38th Greek Team Championship"]
[Site "Olympic Boxing Center"]
[Date "2010.07.07"]
[Round "3.2"]
[White "Ivanchuk, Vassily"]
[Black "Balogh, Csaba"]
[Result "1-0"]
[WhiteElo "2739"]
[BlackElo "2628"]
[PlyCount "181"]
[EventDate "2010.07.05"]
[WhiteTeam "PS PERISTERIOU"]
[BlackTeam "FON IRAKLIOU"]

1. e4 e5 2. Nf3 Nc6 3. Bb5 Nf6 4. O-O Nxe4 5. d4 Nd6 6. Bxc6 dxc6 7. dxe5 Nf5
8. Qxd8+ Kxd8 9. Nc3 Ke8 10. h3 h6 11. b3 a5 12. Bb2 h5 13. Rad1 h4 14. Ne2 Be7
15. Nf4 Rh6 16. Rfe1 a4 17. c4 g5 18. Ne2 Ng7 19. Nfd4 Nf5 20. Nf3 Ng7 21. Nh2
axb3 22. axb3 Ra2 23. Bc1 Rg6 24. Rd2 Ra1 25. Red1 Bf5 26. Ng4 Bxg4 27. hxg4
Ne6 28. Bb2 Rxd1+ 29. Rxd1 f6 30. f3 fxe5 31. Bxe5 Bc5+ 32. Kf1 Ke7 33. g3 Rh6
34. gxh4 Rxh4 35. Ng3 Ke8 36. Kg2 Rh7 37. Ne4 Be7 38. b4 Kf7 39. c5 Kg6 40. Ra1
b6 41. Ra6 Bd8 42. Ra7 Be7 43. Ra8 Kf7 44. cxb6 cxb6 45. Rb8 b5 46. Rb7 Nd8 47.
Rc7 Kg6 48. Bc3 Rf7 49. Rc8 Rf8 50. Bd2 Re8 51. Kg3 Bf6 52. Be3 Be7 53. Bb6 Kf7
54. Ba5 Rh8 55. Kf2 Rh2+ 56. Kg1 Rh8 57. Kg2 Rg8 58. Kf2 Re8 59. Ke3 Rg8 60.
Kd3 Ke6 61. Ng3 Kd7 62. Rc7+ Ke6 63. Nf5 Bf6 64. Bb6 Rh8 65. Bc5 Rh1 66. Ke2
Rb1 67. Ne3 Be5 68. Ra7 Ra1 69. Rh7 Nf7 70. Nf5 Bf6 71. Ng7+ Bxg7 72. Rxg7 Ra3
73. Rg6+ Ke5 74. Rxc6 Kd5 75. Rf6 Ne5 76. Rf5 Ke6 77. Bd4 Ra2+ 78. Ke3 Nc4+ 79.
Kd3 Ra3+ 80. Bc3 Nb2+ 81. Kd4 Nd1 82. Bd2 Nf2 83. Bxg5 Rb3 84. Rf6+ Kd7 85. Kc5
Nd3+ 86. Kxb5 Rxb4+ 87. Ka5 Rb3 88. Bf4 Nc5 89. Bd6 Ne6 90. Bb4 Nd4 91. Rd6+
1-0

[Event "38th Greek Team Championship"]
[Site "Olympic Boxing Center"]
[Date "2010.07.07"]
[Round "3.2"]
[White "Managadze, Nikoloz"]
[Black "Macieja, Bartlomiej"]
[Result "1/2-1/2"]
[WhiteElo "2461"]
[BlackElo "2639"]
[PlyCount "58"]
[EventDate "2010.07.05"]
[WhiteTeam "FON IRAKLIOU"]
[BlackTeam "PS PERISTERIOU"]

1. e4 c6 2. d4 d5 3. exd5 cxd5 4. c4 Nf6 5. Nc3 e6 6. Nf3 Bb4 7. cxd5 Nxd5 8.
Bd2 O-O 9. Bd3 Nc6 10. O-O Be7 11. a3 Bf6 12. Be3 Nxe3 13. fxe3 g6 14. Rc1 Bg7
15. Be4 Ne7 16. Qb3 Rb8 17. Ne5 Nf5 18. Nb5 a6 19. Bxf5 exf5 20. Nc7 Qd6 21.
Ne8 Be6 22. Nxd6 Bxb3 23. Rc7 Rbd8 24. Nxb7 Bxe5 25. dxe5 Rd2 26. Rf2 Rd1+ 27.
Rf1 Rd2 28. Rf2 Rd1+ 29. Rf1 Rd2 1/2-1/2

[Event "38th Greek Team Championship"]
[Site "Olympic Boxing Center"]
[Date "2010.07.07"]
[Round "3.2"]
[White "Halkias, Stelios"]
[Black "Kourousis, Epaminondas"]
[Result "1-0"]
[WhiteElo "2588"]
[BlackElo "2229"]
[PlyCount "51"]
[EventDate "2010.07.05"]
[WhiteTeam "PS PERISTERIOU"]
[BlackTeam "FON IRAKLIOU"]

1. d4 Nf6 2. Nf3 b6 3. e3 Bb7 4. Bd3 e6 5. O-O Be7 6. c4 c5 7. Nc3 cxd4 8. exd4
d5 9. cxd5 Nxd5 10. Ne5 O-O 11. Qg4 Nf6 12. Qh4 Ne4 13. Qh3 Qxd4 14. Bf4 Nf6
15. Ne2 Qd8 16. Rad1 Bd5 17. Bg5 g6 18. Qh4 Re8 19. Nxf7 Kxf7 20. Bxf6 Bxf6 21.
Qxh7+ Kf8 22. Nf4 Bg7 23. Bb5 Re7 24. Nxg6+ Kf7 25. Nxe7 Qxe7 26. Rxd5 1-0

[Event "38th Greek Team Championship"]
[Site "Olympic Boxing Center"]
[Date "2010.07.07"]
[Round "3.2"]
[White "Azis, Azizis Ektoras"]
[Black "Banikas, Hristos"]
[Result "0-1"]
[WhiteElo "2120"]
[BlackElo "2591"]
[PlyCount "96"]
[EventDate "2010.07.05"]
[WhiteTeam "FON IRAKLIOU"]
[BlackTeam "PS PERISTERIOU"]

1. d4 Nf6 2. Nf3 g6 3. c4 Bg7 4. Nc3 O-O 5. e4 d6 6. Be3 Na6 7. Bd3 Bg4 8. h3
Bxf3 9. Qxf3 Nd7 10. O-O Nb4 11. Bb1 Nc6 12. Qd1 Na5 13. Bd3 c5 14. d5 Ne5 15.
Qe2 Qb6 16. b3 Nexc4 17. Na4 Qb4 18. Bxc4 Nxc4 19. Qxc4 b5 20. Qxb4 cxb4 21.
Rac1 bxa4 22. bxa4 Bc3 23. Rc2 f5 24. exf5 Rxf5 25. Rd1 Rc8 26. a5 a6 27. Bb6
Kf7 28. Re2 Rc4 29. g3 h5 30. Kg2 Bf6 31. Rd3 Rc3 32. Rd1 Re5 33. Rxe5 Bxe5 34.
Rd2 Bf6 35. h4 Be5 36. Kf1 Rc1+ 37. Ke2 Bc3 38. Rd1 Rc2+ 39. Kd3 Rxa2 40. Rc1
Rd2+ 41. Kc4 e6 42. dxe6+ Kxe6 43. Re1+ Kd7 44. Re3 d5+ 45. Kb3 Rb2+ 46. Ka4
Ra2+ 47. Kb3 Ra3+ 48. Kc2 d4 0-1

[Event "38th Greek Team Championship"]
[Site "Olympic Boxing Center"]
[Date "2010.07.07"]
[Round "3.2"]
[White "Kotronias, Vasilios"]
[Black "Papadopoulos, Nikolaos"]
[Result "1-0"]
[WhiteElo "2582"]
[BlackElo "2105"]
[PlyCount "49"]
[EventDate "2010.07.05"]
[WhiteTeam "PS PERISTERIOU"]
[BlackTeam "FON IRAKLIOU"]

1. e4 c5 2. Nf3 d6 3. d4 cxd4 4. Nxd4 Nf6 5. Nc3 g6 6. g3 Bg7 7. Bg2 Bg4 8.
Nde2 Qc8 9. h3 Bd7 10. Qd2 Nc6 11. b3 Rb8 12. Bb2 b5 13. O-O-O O-O 14. Nd5 a5
15. Nxf6+ exf6 16. Nf4 a4 17. Qxd6 axb3 18. axb3 Na5 19. Qxd7 Nxb3+ 20. Kb1 Qa6
21. Rd6 Qa4 22. cxb3 Qxb3 23. Rd3 Qa4 24. Ra3 Qb4 25. Nd5 1-0

[Event "38th Greek Team Championship"]
[Site "Olympic Boxing Center"]
[Date "2010.07.07"]
[Round "3.2"]
[White "Paganoglou, Anastasia"]
[Black "Papadopoulou, Vera"]
[Result "1-0"]
[WhiteElo "1974"]
[BlackElo "2242"]
[PlyCount "87"]
[EventDate "2010.07.05"]
[WhiteTeam "FON IRAKLIOU"]
[BlackTeam "PS PERISTERIOU"]

1. e4 d5 2. exd5 Qxd5 3. Nf3 Nf6 4. Be2 g6 5. O-O Bg7 6. d4 O-O 7. c4 Qd8 8.
Nc3 c6 9. Bf4 Nbd7 10. Qb3 Nh5 11. Be3 Qc7 12. Rfd1 b6 13. d5 Bb7 14. Nd4 Nf4
15. Qc2 Nxe2+ 16. Qxe2 cxd5 17. cxd5 Nf6 18. Ndb5 Qd7 19. Bf4 Qf5 20. Be5 Ba6
21. a4 Rad8 22. Rd4 Rd7 23. Rf4 Qh5 24. Qxh5 Nxh5 25. Re4 Rfd8 26. Bxg7 Kxg7
27. Rae1 Kf8 28. Rd4 Nf6 29. Red1 Bc8 30. d6 e6 31. Nc7 Bb7 32. f3 Nh5 33. N3b5
a6 34. Na3 Ng7 35. Nc4 Nf5 36. R4d2 Bc6 37. Ne5 Bxa4 38. Nxd7+ Rxd7 39. Ra1 b5
40. Nxa6 Rxd6 41. Rxd6 Nxd6 42. Nc5 Bc2 43. Rc1 Ba4 44. b3 1-0

[Event "38th Greek Team Championship"]
[Site "Olympic Boxing Center"]
[Date "2010.07.07"]
[Round "3.2"]
[White "Filippas, Sebastian"]
[Black "Papadimitriou, Athanasios"]
[Result "1/2-1/2"]
[WhiteElo "2208"]
[BlackElo "2146"]
[PlyCount "66"]
[EventDate "2010.07.05"]
[WhiteTeam "PS PERISTERIOU"]
[BlackTeam "FON IRAKLIOU"]

1. d4 d5 2. c4 c6 3. Nf3 Nf6 4. Nc3 g6 5. cxd5 Nxd5 6. e4 Nb6 7. h3 Bg7 8. Be2
O-O 9. O-O Be6 10. Qc2 N8d7 11. Be3 Bc4 12. Rad1 Qc8 13. Rfe1 e5 14. Nxe5 Nxe5
15. dxe5 Bxe5 16. f4 Bxe2 17. Qxe2 Bxc3 18. bxc3 Qe6 19. Bd4 f5 20. Qc2 Rfe8
21. exf5 Qxf5 22. Qxf5 gxf5 23. Kf2 Rad8 24. Rxe8+ Rxe8 25. Rd3 Re4 26. Rg3+
Kf8 27. Be5 Nd7 28. Re3 Nxe5 29. fxe5 Ra4 30. Re2 Ke7 31. e6 Rc4 32. Kf3 Rxc3+
33. Kf4 Rc5 1/2-1/2

[Event "38th Greek Team Championship"]
[Site "Olympic Boxing Center"]
[Date "2010.07.07"]
[Round "3.2"]
[White "Pappelis, Dimitrios"]
[Black "Stathopoulos, Ioannis"]
[Result "1/2-1/2"]
[WhiteElo "2027"]
[BlackElo "2004"]
[PlyCount "92"]
[EventDate "2010.07.05"]
[WhiteTeam "FON IRAKLIOU"]
[BlackTeam "PS PERISTERIOU"]

1. d4 Nf6 2. Nf3 g6 3. g3 Bg7 4. Bg2 O-O 5. O-O d6 6. Re1 Nbd7 7. e4 e5 8. Nc3
Re8 9. h3 c6 10. a4 a5 11. Be3 exd4 12. Bxd4 Qc7 13. Qd2 Ne5 14. Nxe5 dxe5 15.
Be3 Be6 16. f3 Nh5 17. Qf2 f5 18. Bb6 Qe7 19. Rad1 f4 20. g4 Ng3 21. Rd2 h5 22.
Red1 Kf7 23. Qc5 Qxc5+ 24. Bxc5 Bf8 25. Bb6 Ra6 26. Bc7 Bc5+ 27. Kh2 Bd4 28.
Nb1 Rc8 29. Rxd4 exd4 30. Bxf4 h4 31. Bxg3 hxg3+ 32. Kxg3 Rb6 33. b3 Rd8 34.
Bf1 Rb4 35. Na3 Ke7 36. Bd3 Rc8 37. Rd2 b5 38. axb5 a4 39. bxc6 axb3 40. cxb3
Rxb3 41. Nb5 Rb4 42. Be2 Rxc6 43. Rxd4 Rb2 44. Bd3 Rc1 45. e5 g5 46. f4 Rb3
1/2-1/2

[Event "38th Greek Team Championship"]
[Site "Olympic Boxing Center"]
[Date "2010.07.07"]
[Round "3.2"]
[White "Tzouganakis, Panteleimon"]
[Black "Gkikas, Hristos"]
[Result "1-0"]
[WhiteElo "2095"]
[BlackElo "1889"]
[PlyCount "67"]
[EventDate "2010.07.05"]
[WhiteTeam "PS PERISTERIOU"]
[BlackTeam "FON IRAKLIOU"]

1. e4 c6 2. d4 d5 3. f3 dxe4 4. fxe4 e5 5. Nf3 Bg4 6. Bc4 Bxf3 7. Qxf3 Nf6 8.
dxe5 Qa5+ 9. Nc3 Qxe5 10. Bf4 Qd4 11. e5 g5 12. Bg3 Qxc4 13. Qxf6 Rg8 14. O-O-O
Nd7 15. Rxd7 Kxd7 16. e6+ Qxe6 17. Rd1+ Ke8 18. Re1 Qxe1+ 19. Bxe1 Rg6 20. Qf5
Bg7 21. Ne4 Rd8 22. Bc3 Bxc3 23. bxc3 h6 24. Nf6+ Ke7 25. Qe5+ Kf8 26. Qc7 Rxf6
27. Qxd8+ Kg7 28. Qe7 Rf2 29. g4 Rf4 30. Qxb7 Rxg4 31. Qxc6 f5 32. Qd7+ Kf6 33.
Qd6+ Kf7 34. c4 1-0

[Event "38th Greek Team Championship"]
[Site "Olympic Boxing Center"]
[Date "2010.07.07"]
[Round "3.2"]
[White "Tsiotas, Nikolaos"]
[Black "Papadopoulos, Georgios"]
[Result "0-1"]
[WhiteElo "1521"]
[BlackElo "1919"]
[PlyCount "64"]
[EventDate "2010.07.05"]
[WhiteTeam "FON IRAKLIOU"]
[BlackTeam "PS PERISTERIOU"]

1. d4 Nf6 2. c4 g6 3. Nc3 Bg7 4. e4 d6 5. Bg5 O-O 6. f3 Nbd7 7. Nge2 c5 8. d5
a6 9. Ng3 Qa5 10. Be2 b5 11. a3 Rb8 12. Qc1 Ne5 13. cxb5 axb5 14. O-O b4 15.
axb4 Qxb4 16. Ra2 Bd7 17. f4 Nc4 18. Bxc4 Qxc4 19. Qd2 Rfe8 20. Rfa1 Ng4 21.
Kh1 Bd4 22. Nd1 Rb3 23. Qe1 Rd3 24. h3 Rxg3 25. hxg4 Rxg4 26. Ne3 Bxe3 27. Qxe3
f6 28. Ra7 Qb5 29. R7a5 Qxb2 30. R5a2 Qd4 31. Qf3 fxg5 32. fxg5 Rh4+ 0-1

[Event "38th Greek Team Championship"]
[Site "Olympic Boxing Center"]
[Date "2010.07.07"]
[Round "3.3"]
[White "Nielsen, Peter Heine"]
[Black "Kritz, Leonid"]
[Result "1/2-1/2"]
[WhiteElo "2700"]
[BlackElo "2618"]
[PlyCount "60"]
[EventDate "2010.07.05"]
[WhiteTeam "AEK"]
[BlackTeam "SO IRAKLIOU"]

1. d4 e6 2. c4 Nf6 3. Nf3 c5 4. d5 d6 5. Nc3 g6 6. h3 Bg7 7. e4 O-O 8. Bd3 Na6
9. O-O Nc7 10. dxe6 Nxe6 11. Be3 Nd7 12. Qd2 Ne5 13. Nxe5 dxe5 14. Nd5 Re8 15.
Be2 Nd4 16. Bg4 Be6 17. Bxe6 Nxe6 18. Rfd1 Rc8 19. Qd3 Qh4 20. f3 Nf4 21. Qc2
Red8 22. Nxf4 exf4 23. Rxd8+ Qxd8 24. Bxf4 Qf6 25. Bg3 Qxb2 26. Qxb2 Bxb2 27.
Rb1 Bd4+ 28. Kf1 Rc6 29. Rxb7 Ra6 30. Bf2 Bxf2 1/2-1/2

[Event "38th Greek Team Championship"]
[Site "Olympic Boxing Center"]
[Date "2010.07.07"]
[Round "3.3"]
[White "Postny, Evgeny"]
[Black "Moutousis, Konstantinos"]
[Result "1-0"]
[WhiteElo "2577"]
[BlackElo "2450"]
[PlyCount "85"]
[EventDate "2010.07.05"]
[WhiteTeam "SO IRAKLIOU"]
[BlackTeam "AEK"]

1. d4 d5 2. c4 c6 3. Nf3 Nf6 4. Nc3 a6 5. c5 Bf5 6. Bf4 Nbd7 7. h3 e6 8. e3 Be7
9. Nd2 h6 10. Be2 g5 11. Bg3 h5 12. Qb3 h4 13. Bh2 b6 14. cxb6 Nxb6 15. Rc1 Kf8
16. Na4 Nbd7 17. Rxc6 g4 18. hxg4 Bxg4 19. f3 Bf5 20. Nb6 Nxb6 21. Qxb6 Qe8 22.
Qb7 Rg8 23. Kf2 Nh5 24. Bxa6 Ng3 25. Rhc1 e5 26. dxe5 Rb8 27. Qa7 Rxb2 28. Qd4
Rb8 29. Bd3 Be6 30. Nb3 Rg5 31. Qc3 Kg8 32. Nd4 Bd7 33. Rh6 Bb4 34. Qc2 Ba3 35.
Rb1 Rc8 36. Qd2 h3 37. Bxg3 Rxg3 38. Kxg3 Qxe5+ 39. Kf2 Qh2 40. Bf1 Kg7 41.
Rbb6 Rc1 42. Nf5+ Kg8 43. Rh8+ 1-0

[Event "38th Greek Team Championship"]
[Site "Olympic Boxing Center"]
[Date "2010.07.07"]
[Round "3.3"]
[White "Kotrotsos, Vasilios"]
[Black "Stavrianakis, Ioannis"]
[Result "0-1"]
[WhiteElo "2337"]
[BlackElo "2249"]
[PlyCount "96"]
[EventDate "2010.07.05"]
[WhiteTeam "AEK"]
[BlackTeam "SO IRAKLIOU"]

1. d4 Nf6 2. c4 e6 3. Nc3 Bb4 4. a3 Bxc3+ 5. bxc3 c5 6. e3 b6 7. Bd3 O-O 8. Ne2
Ba6 9. e4 d5 10. cxd5 Bxd3 11. Qxd3 exd5 12. e5 Ne8 13. O-O Nc6 14. Ng3 Nc7 15.
f4 f6 16. Be3 cxd4 17. cxd4 fxe5 18. fxe5 Ne6 19. Rxf8+ Nxf8 20. Qf5 Ne7 21.
Qg4 Qd7 22. Qxd7 Nxd7 23. e6 Nf8 24. Bg5 Re8 25. Re1 h6 26. Bxe7 Rxe7 27. Re5
Rxe6 28. Rxd5 Re3 29. a4 Ra3 30. Nf5 Rxa4 31. Re5 Kf7 32. Nd6+ Kg6 33. d5 Nd7
34. Re6+ Nf6 35. Nc8 Kf7 36. Re7+ Kf8 37. d6 Ne4 38. Rxa7 Rc4 39. Rc7 Nxd6 40.
Rxc4 Nxc4 41. Na7 Ke7 42. Kf2 Kd6 43. Kf3 Kd5 44. Nc8 b5 45. Ne7+ Ke6 46. Nc8
Kd7 47. Na7 Na3 48. Ke4 b4 0-1

[Event "38th Greek Team Championship"]
[Site "Olympic Boxing Center"]
[Date "2010.07.07"]
[Round "3.3"]
[White "Parginos, Vassilios"]
[Black "Grigoriadis, Alexandros"]
[Result "1/2-1/2"]
[WhiteElo "2227"]
[BlackElo "2330"]
[PlyCount "109"]
[EventDate "2010.07.05"]
[WhiteTeam "SO IRAKLIOU"]
[BlackTeam "AEK"]

1. d4 Nf6 2. c4 g6 3. Nc3 Bg7 4. e4 d6 5. Nge2 O-O 6. Ng3 e5 7. d5 c6 8. Be2 a5
9. h4 cxd5 10. cxd5 h6 11. Be3 Na6 12. Qd2 Kh7 13. Na4 Nd7 14. h5 g5 15. Bg4 b5
16. Bf5+ Kh8 17. Bxd7 bxa4 18. Bxa4 Rb8 19. a3 f5 20. exf5 e4 21. Bd4 Nc5 22.
Bxg7+ Kxg7 23. Qc3+ Qf6 24. Qxf6+ Rxf6 25. Bc2 Bxf5 26. Rb1 a4 27. O-O Bh7 28.
Ne2 Rf7 29. Nd4 Rfb7 30. Nc6 Rf8 31. Na5 Rb5 32. Nc4 Rf6 33. Ne3 Rf8 34. Rfd1
Nd3 35. Bxa4 Rxb2 36. Bc2 Rfb8 37. Rxb2 Rxb2 38. Rb1 Ra2 39. Rb7+ Kh8 40. a4
Ra1+ 41. Rb1 Ra2 42. Rb6 Ra1+ 43. Rb1 Ra3 44. Rb8+ Kg7 45. Rb7+ Kh8 46. Ng4 Rc3
47. Nf6 Bg8 48. Bb1 Rc1+ 49. Kh2 Nxf2 50. Rb8 Kg7 51. Ne8+ Kh8 52. Nf6 Kg7 53.
Ne8+ Kh8 54. Nf6 Kg7 55. Ne8+ 1/2-1/2

[Event "38th Greek Team Championship"]
[Site "Olympic Boxing Center"]
[Date "2010.07.07"]
[Round "3.3"]
[White "Markantonaki, Haritomeni"]
[Black "Cmilyte, Viktorija"]
[Result "0-1"]
[WhiteElo "2129"]
[BlackElo "2527"]
[PlyCount "42"]
[EventDate "2010.07.05"]
[WhiteTeam "SO IRAKLIOU"]
[BlackTeam "AEK"]

1. e4 e5 2. Nf3 Nc6 3. Bb5 f5 4. Nc3 fxe4 5. Nxe4 Nf6 6. d3 d5 7. Nxe5 dxe4 8.
Nxc6 bxc6 9. Bxc6+ Bd7 10. Bxa8 Qxa8 11. O-O Bd6 12. d4 O-O 13. c4 c6 14. Bg5
Qe8 15. Bxf6 Rxf6 16. c5 Bf4 17. Re1 Qg6 18. d5 Bxh2+ 19. Kf1 Bh3 20. Re2 Qxg2+
21. Ke1 Bf4 0-1

[Event "38th Greek Team Championship"]
[Site "Olympic Boxing Center"]
[Date "2010.07.07"]
[Round "3.3"]
[White "Kosmas-Lekkas, Dimitiros"]
[Black "Balokas, Dimitrios"]
[Result "1/2-1/2"]
[WhiteElo "2125"]
[BlackElo "1997"]
[PlyCount "102"]
[EventDate "2010.07.05"]
[WhiteTeam "AEK"]
[BlackTeam "SO IRAKLIOU"]

1. d4 Nf6 2. c4 e6 3. Nc3 Bb4 4. Qc2 c5 5. dxc5 O-O 6. a3 Bxc5 7. Nf3 Nc6 8.
Bf4 e5 9. Bg5 Nd4 10. Nxd4 Bxd4 11. e3 Bxc3+ 12. Qxc3 d6 13. Rd1 Ne4 14. Bxd8
Nxc3 15. Rxd6 Ne4 16. Rd1 Bg4 17. f3 Raxd8 18. Be2 Rxd1+ 19. Bxd1 Bf5 20. fxe4
Bxe4 21. Bf3 Bxf3 22. gxf3 Rc8 23. b3 b5 24. Ke2 bxc4 25. Rc1 Kf8 26. bxc4 Rb8
27. c5 Ke7 28. Rc4 Kd7 29. Ra4 Rb2+ 30. Kd3 Rb3+ 31. Ke4 f5+ 32. Kxe5 Rxe3+ 33.
Kf4 Re2 34. Rxa7+ Kc6 35. Rxg7 Rxh2 36. Kxf5 Kxc5 37. f4 Kd5 38. Rd7+ Kc6 39.
Rf7 Kd5 40. Kf6 Ke4 41. f5 Kf4 42. Rb7 Rh6+ 43. Kg7 Kg5 44. a4 Rf6 45. Rf7 Ra6
46. Kxh7 Rxa4 47. Kg7 Rh4 48. Rf8 Rh6 49. Rf7 Rh4 50. Rf8 Rh6 51. Ra8 Rf6
1/2-1/2

[Event "38th Greek Team Championship"]
[Site "Olympic Boxing Center"]
[Date "2010.07.07"]
[Round "3.3"]
[White "Dimopoulos, Dimitrios"]
[Black "Aznaouridis, Sokratis"]
[Result "1/2-1/2"]
[WhiteElo "1919"]
[BlackElo "1980"]
[PlyCount "80"]
[EventDate "2010.07.05"]
[WhiteTeam "SO IRAKLIOU"]
[BlackTeam "AEK"]

1. e4 d5 2. exd5 Nf6 3. Nf3 Nxd5 4. c4 Nb6 5. d4 g6 6. Be2 Bg7 7. O-O O-O 8.
Nc3 Nc6 9. Be3 Bg4 10. d5 Bxf3 11. Bxf3 Ne5 12. Bxb6 axb6 13. Be2 Nd7 14. Na4
Nc5 15. Nxc5 bxc5 16. Qc2 Qd7 17. a4 e5 18. dxe6 Qxe6 19. Bf3 Qb6 20. Rab1 Qb4
21. b3 Rad8 22. Rbd1 Rd4 23. Rd3 Re8 24. g3 c6 25. Rfd1 f5 26. Kf1 Kf7 27. Qd2
Rxd3 28. Qxd3 Bd4 29. Qc2 Kf6 30. Kg2 g5 31. g4 Re5 32. h3 h6 33. Rd2 f4 34.
Re2 Qc3 35. Qxc3 Bxc3 36. Kf1 Bb4 37. Bg2 Rxe2 38. Kxe2 Ke5 39. Kd3 Be1 40. f3
Bb4 1/2-1/2

[Event "38th Greek Team Championship"]
[Site "Olympic Boxing Center"]
[Date "2010.07.07"]
[Round "3.3"]
[White "Tsiros, Dimitrios"]
[Black "Zeppos, Panagiotis"]
[Result "0-1"]
[WhiteElo "1620"]
[BlackElo "1886"]
[PlyCount "82"]
[EventDate "2010.07.05"]
[WhiteTeam "AEK"]
[BlackTeam "SO IRAKLIOU"]

1. d4 Nf6 2. Nf3 g6 3. Bg5 Bg7 4. c3 d6 5. Nbd2 O-O 6. e4 Nbd7 7. Be2 h6 8. Bh4
c5 9. O-O a6 10. Qc2 Qc7 11. Rac1 b5 12. Rfe1 e5 13. dxe5 dxe5 14. Bxf6 Nxf6
15. Nf1 Bb7 16. Ng3 Rfd8 17. Rcd1 Nd7 18. h3 Nf8 19. Rxd8 Rxd8 20. Rd1 Ne6 21.
Rxd8+ Qxd8 22. Qd1 Qc7 23. Bd3 c4 24. Bc2 Bf8 25. Nh2 h5 26. Nf3 a5 27. Qd2 b4
28. Ne2 Bc5 29. Ng5 Nxg5 30. Qxg5 Qd6 31. Qc1 Qf6 32. Qe1 h4 33. Kf1 b3 34.
axb3 cxb3 35. Bd3 a4 36. c4 Qd6 37. Qb1 f5 38. f3 fxe4 39. fxe4 Qf6+ 40. Ke1
Qf2+ 41. Kd1 Be3 0-1

[Event "38th Greek Team Championship"]
[Site "Olympic Boxing Center"]
[Date "2010.07.07"]
[Round "3.3"]
[White "Ladopoulos, Dimitrios"]
[Black "Tsiros, Fragkiskos Vlasios"]
[Result "1-0"]
[WhiteElo "1872"]
[BlackElo "1736"]
[PlyCount "69"]
[EventDate "2010.07.05"]
[WhiteTeam "SO IRAKLIOU"]
[BlackTeam "AEK"]

1. f4 d5 2. Nf3 Bf5 3. e3 e6 4. b3 Nf6 5. Bb2 Bd6 6. Be2 O-O 7. O-O Nbd7 8. d3
c6 9. Qe1 Qc7 10. Nh4 a5 11. Kh1 Qb6 12. Bf3 Bc5 13. e4 Bg4 14. e5 Bxf3 15.
exf6 Bh5 16. g4 Bd4 17. Bxd4 Qxd4 18. c3 Qxd3 19. fxg7 Kxg7 20. gxh5 Qe4+ 21.
Qxe4 dxe4 22. Nd2 f5 23. Nc4 Nc5 24. Rad1 Nd3 25. Nf3 Rfd8 26. Nd4 Kf6 27. Rd2
c5 28. Nb5 Rg8 29. Ne3 Rg7 30. Nd6 Rd8 31. Ndc4 Rgd7 32. Nxa5 b6 33. Nac4 b5
34. Na3 Nf2+ 35. Rdxf2 1-0

[Event "38th Greek Team Championship"]
[Site "Olympic Boxing Center"]
[Date "2010.07.07"]
[Round "3.4"]
[White "Hammer, Jon Ludvig"]
[Black "Kempinski, Robert"]
[Result "1-0"]
[WhiteElo "2636"]
[BlackElo "2612"]
[PlyCount "75"]
[EventDate "2010.07.05"]
[WhiteTeam "LP FLORINAS"]
[BlackTeam "FYSIOLATRIS"]

1. d4 Nf6 2. c4 c5 3. d5 e6 4. Nc3 exd5 5. cxd5 d6 6. Bf4 a6 7. e4 b5 8. Qe2
Nfd7 9. Nf3 Be7 10. a4 bxa4 11. Qc2 O-O 12. Be2 Nb6 13. O-O a5 14. Nxa4 Nxa4
15. Qxa4 Nd7 16. Rfd1 Nb6 17. Qc2 Bb7 18. b3 Qd7 19. Bd2 a4 20. bxa4 Nxa4 21.
Rdb1 Ba6 22. Bd1 Bb5 23. e5 Rfb8 24. Qe4 Nb6 25. Rxa8 Nxa8 26. Bc2 g6 27. Ng5
Bxg5 28. Bxg5 Nc7 29. exd6 Ne8 30. Qe7 Ra8 31. Qxd7 Bxd7 32. Be7 c4 33. h3 Ra2
34. Rb7 Bc8 35. d7 Bxd7 36. Rxd7 Rxc2 37. Rd8 f5 38. d6 1-0

[Event "38th Greek Team Championship"]
[Site "Olympic Boxing Center"]
[Date "2010.07.07"]
[Round "3.4"]
[White "Georgiadis, Ioannis"]
[Black "Markidis, Konstantinos"]
[Result "1-0"]
[WhiteElo "2457"]
[BlackElo "2342"]
[PlyCount "81"]
[EventDate "2010.07.05"]
[WhiteTeam "FYSIOLATRIS"]
[BlackTeam "LP FLORINAS"]

1. e4 e5 2. Nf3 Nc6 3. Bb5 Nf6 4. O-O Bc5 5. c3 O-O 6. d4 Bb6 7. Bg5 d6 8. Qd3
Qe7 9. Nbd2 Nd8 10. d5 h6 11. Bh4 Kh8 12. Nc4 Rg8 13. Bxf6 Qxf6 14. a4 a6 15.
Nxb6 cxb6 16. Bc4 Bg4 17. Nd2 Qg6 18. Qg3 Qg5 19. Qe3 Qg6 20. Bd3 Rc8 21. Qg3
f5 22. h3 Qg5 23. f4 exf4 24. Rxf4 Bxh3 25. Qxg5 hxg5 26. Rff1 Bg4 27. exf5 Nf7
28. Nc4 Rce8 29. f6 Be2 30. fxg7+ Rxg7 31. Rfe1 b5 32. axb5 axb5 33. Nb6 Bxd3
34. Rxe8+ Kh7 35. Re7 Ne5 36. Rxg7+ Kxg7 37. Ra7 Kf6 38. Rxb7 Kf5 39. Nc8 Ke4
40. Nxd6+ Kxd5 41. Nxb5 1-0

[Event "38th Greek Team Championship"]
[Site "Olympic Boxing Center"]
[Date "2010.07.07"]
[Round "3.4"]
[White "Nikolaou, Georgios"]
[Black "Goumas, Georgios"]
[Result "1/2-1/2"]
[WhiteElo "2275"]
[BlackElo "2298"]
[PlyCount "61"]
[EventDate "2010.07.05"]
[WhiteTeam "LP FLORINAS"]
[BlackTeam "FYSIOLATRIS"]

1. Nf3 d6 2. d4 Bg4 3. Nbd2 Nd7 4. g3 e5 5. Bg2 Ngf6 6. O-O c6 7. c4 Qc7 8. Qc2
Be7 9. b3 O-O 10. Bb2 Rfe8 11. Rfe1 Rac8 12. Rac1 Bxf3 13. Bxf3 exd4 14. Bxd4
Ne5 15. Bg2 Nfd7 16. Qb2 Bf8 17. h3 Nc5 18. Nf3 Nxf3+ 19. Bxf3 Ne6 20. Qd2 Nxd4
21. Qxd4 g6 22. Rcd1 Red8 23. e3 Bg7 24. Qd3 a5 25. a4 Qb6 26. Kg2 Qb4 27. Re2
Be5 28. Rc2 Bf6 29. Bg4 Rb8 30. Bf3 Rbc8 31. Bg4 1/2-1/2

[Event "38th Greek Team Championship"]
[Site "Olympic Boxing Center"]
[Date "2010.07.07"]
[Round "3.4"]
[White "Sigalas, Frangiskos"]
[Black "Gimnopoulos, Lazaros"]
[Result "0-1"]
[WhiteElo "2276"]
[BlackElo "2139"]
[PlyCount "46"]
[EventDate "2010.07.05"]
[WhiteTeam "FYSIOLATRIS"]
[BlackTeam "LP FLORINAS"]

1. e4 c5 2. Nf3 d6 3. Bc4 e6 4. O-O Nf6 5. d3 Be7 6. Bb3 O-O 7. c3 Nc6 8. Qe2
b6 9. d4 cxd4 10. cxd4 d5 11. exd5 Nxd5 12. Nc3 Ncb4 13. Rd1 Ba6 14. Qd2 Rc8
15. Ne5 Bd6 16. Nxd5 Nxd5 17. Bxd5 exd5 18. Re1 Re8 19. b3 Qc7 20. Nf3 Re4 21.
Bb2 Bf4 22. Qb4 Be2 23. Ba3 a5 0-1

[Event "38th Greek Team Championship"]
[Site "Olympic Boxing Center"]
[Date "2010.07.07"]
[Round "3.4"]
[White "Gavrilidis, Georgios"]
[Black "Homatidis, Panagiotis"]
[Result "1-0"]
[WhiteElo "2126"]
[BlackElo "2122"]
[PlyCount "59"]
[EventDate "2010.07.05"]
[WhiteTeam "LP FLORINAS"]
[BlackTeam "FYSIOLATRIS"]

1. d4 Nf6 2. c4 e6 3. g3 Bb4+ 4. Bd2 Qe7 5. Bg2 d5 6. Nf3 O-O 7. O-O c6 8. Qc2
Ne4 9. Bf4 Bd6 10. Bxd6 Nxd6 11. Nbd2 f5 12. Ne5 Nd7 13. c5 Nb5 14. Nxd7 Bxd7
15. Nf3 Nc7 16. Ne5 a5 17. Qd2 Rfb8 18. Rac1 a4 19. Qf4 g5 20. Qe3 Be8 21. h3
h5 22. Nf3 g4 23. hxg4 hxg4 24. Ne5 Kg7 25. f3 gxf3 26. Rxf3 Bh5 27. g4 fxg4
28. Nxg4 Bxg4 29. Rg3 Kh7 30. Rxg4 1-0

[Event "38th Greek Team Championship"]
[Site "Olympic Boxing Center"]
[Date "2010.07.07"]
[Round "3.4"]
[White "Fatourou, Eleni"]
[Black "Genova, Lyubka"]
[Result "0-1"]
[WhiteElo "1896"]
[BlackElo "2260"]
[PlyCount "88"]
[EventDate "2010.07.05"]
[WhiteTeam "FYSIOLATRIS"]
[BlackTeam "LP FLORINAS"]

1. e4 c5 2. Nf3 Nc6 3. g3 Nf6 4. d3 d5 5. exd5 Nxd5 6. Bg2 e6 7. O-O Be7 8. d4
O-O 9. dxc5 Bxc5 10. Nbd2 b5 11. Nb3 Bb6 12. Nfd4 Nxd4 13. Nxd4 Qd7 14. c3 Bb7
15. Qd3 a6 16. Rd1 Nf6 17. Qe2 Bxg2 18. Kxg2 Qb7+ 19. f3 h6 20. Be3 Rfd8 21.
Nc2 Nd5 22. Bxb6 Qxb6 23. Qf2 Qc6 24. Rd4 e5 25. Rd2 Nf6 26. Rad1 Rxd2 27. Qxd2
e4 28. Nd4 exf3+ 29. Nxf3 Re8 30. h3 Qc4 31. Nd4 Qxa2 32. b3 Qa3 33. Rf1 Qd6
34. Qf4 Qd5+ 35. Kh2 Re4 36. Qf5 b4 37. Qc8+ Kh7 38. Rd1 Qh5 39. Rf1 bxc3 40.
Qxc3 Ng4+ 41. Kg1 Qxh3 42. Qc2 Qxg3+ 43. Kh1 Qh3+ 44. Kg1 Qe3+ 0-1